Ensayos sobre la reforma política II /
Tallennettuna:
| Päätekijä: | |
|---|---|
| Muut tekijät: | |
| Aineistotyyppi: | Kirja |
| Kieli: | espanja |
| Julkaistu: |
México :
Comisión Federal Electoral,
1978, c1978
|
| Tagit: |
Ei tageja, Lisää ensimmäinen tagi!
|
MARC
| LEADER | 00000nam^a2200000^a^4500 | ||
|---|---|---|---|
| 001 | 000624493 | ||
| 005 | 20260220000000.0 | ||
| 009 | 20260310133957.562 | ||
| 020 | |a 968-805-007-5 | ||
| 037 | |a Acervo ITESO - Biblioteca | ||
| 041 | |a ESP | ||
| 091 | |a FOB. 02860 | ||
| 100 | |a Martínez Báez, Antonio |e (autor) | ||
| 245 | 1 | 0 | |a Ensayos sobre la reforma política II / |
| 264 | 4 | |a México : |b Comisión Federal Electoral, |c 1978, c1978 | |
| 300 | |a 51 p. | ||
| 336 | |a texto |b txt |2 rdacontenido | ||
| 337 | |a sin mediación |b n |2 rdamedio | ||
| 338 | |a volumen |b nc |2 rdasoporte | ||
| 649 | |a XX | ||
| 700 | |a Zavala, Iván |e (autor) | ||
| 910 | |a Fondo Carlos de Obeso Orendain | ||
| 920 | |a Impresos - Libros | ||
| 930 | |a Fondos Especiales | ||
| 905 | |a 147 | ||
| 901 | |a 624493-10 |b IT2 |c ESP |i D85198 |u 20251114 | ||
| 902 | |a https://opac.biblio.iteso.mx/vufind/Record/000624493 | ||